000 00533cam a2200205 4500
020 _a0132229439
_a0132229358 (pbk.)
040 _cDLC
082 0 0 _a301 PRE 1974 A078 Or.
100 1 _aKozlovsky, Daniel G.,
245 1 3 _aAn ecological and evolutionary ethic
260 _aEnglewood Cliffs, N.J.,
_bPrentice-Hall
_c[1974]
300 _axi, 116 p.
_c24 cm.
650 0 _aEcology.
650 0 _aEvolution (Biology)
650 0 _aBiology
650 2 _aEcology.
650 2 _aEnvironment.
650 2 _aEvolution.
942 _cEK
999 _c15829
_d15829